Countries In Their Official Language Click Quiz with Exceptions - Statistics

General Stats
  • This quiz has been taken 1,642 times
    1,044 since last reset
  • The average score is 100 of 126
Answer Stats
Hint Extra Hint Answer % Correct
Italy Italian Italia
91%
Benin French Bénin
90%
Bosnia and Herzegovina Bosnian Bosnia I Hercegovína
90%
Brazil Portuguese Brasil
90%
Haiti French Haïti
90%
Kosovo Serbian Kosova
90%
Mozambique Portuguese Moçambique
90%
Panama Spanish Panamá
90%
Turkey Turkish Türkiye
90%
Afghanistan Pashto Afghanestan
89%
Belgium Dutch België
89%
Bulgaria Bulgarian Bulgariya
89%
Cameroon French Cameroun
89%
Ivory Coast French Côte d'Ivoire
89%
Denmark Danish Danmark
89%
Germany German Deutschland
89%
Spain Spanish España
89%
Eswatini Swazi eSwatini
89%
Equatorial Guinea Spanish Guinea Ecuatorial
89%
Guinea-Bissau Portuguese Guiné-Bissau
89%
Guinea French Guinée
89%
Mexico Spanish México
89%
Peru Spanish Perú
89%
Philippines Filipino Pilipinas
89%
Poland Polish Polska
89%
Romania Romanian România
89%
São Tomé and Principe Portuguese São Tomé e Principe
89%
Turkmenistan Turkmen Türkmenistan
89%
Laos Lao Lao
88%
Luxembourg Luxembourgish Lëtezebuerg
88%
Madagascar Malagasy Madagasikara
88%
Mongolia Mongolian Mongol Ul
88%
Netherlands Dutch Nederland
88%
Russia Russian Rossiâ
88%
Senegal French Sénégal
88%
Singapore Malay Singapura
88%
Somalia Somali Soomaaliya
88%
Taiwan Mandarin Chinese Táiwān
88%
Tajikistan Tajiki-Persian Tojikistan
88%
Ukraine Ukrainian Ukraїna
88%
Vietnam Vietnamese Việt Nam
88%
Azerbaijan Azerbaijani Azərbaycan
87%
Comoros French Comores
87%
Iceland Icelandic Ísland
87%
Malawi Chichewa Malaŵi
87%
Myanmar Burmese Myanma
87%
Nepal Davanagari Nepāl
87%
Norway Norwegian Norge
87%
Pakistan Urdu Pākistān
87%
Papua New Guinea Tok Pisin Papua Giugini
87%
Dominican Republic Spanish República Dominicana
87%
Samoa Samoan Sāmoa
87%
Slovenia Slovene Slovenija
87%
South Africa Afrikaans Suid-Afrika
87%
East Timor Portuguese Timor-Leste
87%
Saudi Arabia Arabic Al-‘Arabiyyah as Sa‘ūdiyyah
86%
Iraq Arabic Al-'Iraq
86%
Libya Arabic Lībiyā
86%
Mauritania Arabic Mūrītānyā
86%
Democratic Republic of the Congo French République démocratique du Congo
86%
Solomon Islands Neo-Solomonic Solomon Aelan
86%
Serbia Serbian Srbija
86%
Suriname Dutch Surinaams
86%
Tunisia Arabic Tunes
86%
Belarus Belarusian Bielaruś
85%
Iran Persian Īrān
85%
Austria German Österreich
85%
Slovakia Slovak Slovensko
85%
Sri Lanka Sinhala Sri Lankā
85%
Switzerland French Suisse
85%
Estonia Estonian Eesti
84%
Ireland Irish Éire
84%
Latvia Latvian Latvija
84%
Nauru Nauruan Naoero
84%
Japan Japanese Nippon
84%
Israel Hebrew Yisra'el
84%
United Arab Emirates Arabic Al-’Imārat Al-‘Arabiyyah Al-Muttaḥidah
83%
Yemen Arabic Al-Yaman
83%
Czechia Czech Česko
83%
Vatican City Latin Civitas Vaticana
83%
Lithuania Lithuanian Lietuva
83%
Republic of the Congo French République du Congo
83%
Lebanon Arabic Lubnān
82%
Sweden Swedish Sverige
82%
Cyprus Greek Kýpros
81%
Uzbekistan Uzbek O‘zbekiston
81%
Bahrain Arabic Al-Bahrayn
80%
Sudan Arabic As-Sudan
80%
Syria Arabic Suriyah
80%
Chad French Tchad
80%
North Macedonia Macedonian Severna Makedonija
79%
Finland Finnish Suomi
78%
Oman Arabic ‘Umān
77%
Thailand Thai Mueang Thai
76%
Gabon French République gabonaise
76%
Ethiopia Amharic Ityop'ia
74%
Kazakhstan Kazakh Qazaqstan
74%
Kuwait Arabic Dawlat ul-Kuwayt
73%
Eritrea Arabic Iritriya
73%
Hungary Hungarian Magyarország
73%
Monaco Monégasque Múnegu
73%
Burundi Kirundi Uburundi
73%
Croatia Croatian Hrvatska
72%
Cambodia Khmer Kampuchea
72%
New Zealand Māori Aotearoa
68%
Seychelles Seychellois Creole Sesel
67%
Jordan Arabic Al-'Urdun
66%
Morocco Arabic Al-maɣréb
65%
China Mandarin Chinese Zhōngguó
64%
Central African Republic Sango Ködörösêse tî Bêafrîka
62%
Palau Palauan Belau
61%
Greece Greek Ellada
61%
Fiji Fijian Viti
58%
South Korea Korean Daehan Min-guk
53%
Albania Albanian Shqipëria
51%
North Korea Korean Chosŏn Minjujuŭi Inmin Konghwaguk
50%
Montenegro Montenegrin Crna Gora
50%
India Hindi Bhārat
49%
Kiribati Gilbertese Ribaberiki
48%
Marshall Islands Marshallese Aorōkin M̧ajeļ
46%
Egypt Arabic Misr
41%
Maldives Dhivehi Dhivehi Raajje
37%
Armenia Armenian Hayastán
36%
Georgia Georgian Sak'art'velo
32%
Bhutan Dzongkha Druk Yul
31%
Algeria Arabic Dzayer
31%
No matching quizzes found
Score Distribution
Percent of People with Each Score
Percentile by Number Answered
Your Score History
You have not taken this quiz since the last reset